Handbook of heterogeneous catalysis. V.3.

שמור ב:
מידע ביבליוגרפי
פורמט: ספר
שפה:English
יצא לאור: Weinheim : VCH, 1997.
נושאים:
תגים: הוספת תג
אין תגיות, היה/י הראשונ/ה לתייג את הרשומה!
Thư viện lưu trữ: Mạng thư viện Đại học Đà Nẵng
LEADER 00782cam a2200301 i 4500
001 000045638
003 4832
005 20030228153146.0
008 010220|1997 vm 000 eng
020 |a 3527292128 
040 |a IRC  |c IRC  |d IRC 
041 0 |a eng 
082 1 4 |a 541.395  |b Ha-H 
245 0 0 |a Handbook of heterogeneous catalysis.  |n V.3. 
260 |a Weinheim :  |b VCH,  |c 1997. 
300 |a 5v. (xxiv, 2479p.) :  |b ill. (some col.) 
630 0 4 |a Heterogeneous catalysis. 
650 0 4 |a Heterogeneous catalysis  |v Handbooks, manuals, etc. 
OWN |a DUT 
999 |a From the UDN01 
TYP |a Monograph 
TYP |a Printed language 
980 |a Mạng thư viện Đại học Đà Nẵng